|
|
|
|
| LEADER |
00000cam a2200000 7i4500 |
| 001 |
0000004636 |
| 005 |
20151222.0 |
| 008 |
070730 |
| 020 |
|
|
|a 9838862215
|
| 020 |
|
|
|a 9838862525(set)
|
| 090 |
0 |
0 |
|a MOT
|b MAL
|
| 245 |
1 |
0 |
|a Mengurus stres dengan berkesan
|c Sidang pengarang
|
| 260 |
|
|
|a Selangor :
|b Penerbitan nadi ilmu sdn.bhd ,
|c 2006
|
| 300 |
|
|
|a Jilid 6
|
| 440 |
|
0 |
|a Siri pemangkin insan cemerlang
|
| 500 |
|
|
|a Children ages 10-12 years old (pink)
|
| 650 |
|
0 |
|a Achievement motivation
|
| 650 |
|
0 |
|a Motivation in education
|
| 650 |
|
0 |
|a Study skills
|
| 650 |
|
0 |
|a Success
|
| 700 |
0 |
|
|a Sidang pengarang
|
| 999 |
|
|
|a 0000978564
|b Book
|c Children Collection
|e Cawangan Tmn. Ungku Tun Aminah
|
| 999 |
|
|
|a 0000978565
|b Book
|c Children Collection
|e Cawangan Taman Universiti
|
| 999 |
|
|
|a 0000978566
|b Book
|c Children Collection
|e Cawangan Urban Transformation Centre
|
| 999 |
|
|
|a 0000978567
|b Book
|c Children Collection
|e Cawangan Segamat
|
| 999 |
|
|
|a 0000978568
|b Book
|c Children Collection
|e Cawangan AEON Kulaijaya
|